| Tag |
First Indicator |
Second Indicator |
Subfields |
| LEADER |
00000cam a2200000Ka 4500 |
| 001 |
in00001726421 |
| 005 |
20151024174735.0 |
| 008 |
000412s1997 sp a j 000 0 spa d |
| 020 |
|
|
|a 8441402493
|
| 035 |
|
|
|a (OCoLC)ocm43840846
|
| 040 |
|
|
|a JDP
|c JDP
|d OCL
|d TXA
|d UtOrBLW
|
| 049 |
|
|
|a TXAM
|
| 090 |
|
|
|a NA6310
|b .M35 1997
|
| 100 |
1 |
|
|a Mantegazza, Giovanna.
|
| 245 |
1 |
3 |
|a La estación /
|c [proyecto de Emanuela Bussolati ; ilustraciones de Nella Bosnia ; texto de Giovanna Mantegazza].
|
| 264 |
|
1 |
|a Madrid :
|b Editorial Edaf,
|c [1997]
|
| 264 |
|
4 |
|c ©1997
|
| 300 |
|
|
|a 1 volume (unpaged) :
|b color illustrations ;
|c 13 cm.
|
| 336 |
|
|
|a text
|b txt
|2 rdacontent
|
| 337 |
|
|
|a unmediated
|b n
|2 rdamedia
|
| 338 |
|
|
|a volume
|b nc
|2 rdacarrier
|
| 490 |
1 |
|
|a Colección El libro casita
|
| 650 |
|
0 |
|a Railroad stations
|v Juvenile literature.
|
| 650 |
|
1 |
|a Railroad stations.
|
| 700 |
1 |
|
|a Bosnia, Nella.
|
| 830 |
|
0 |
|a Colección El libro casita.
|
| 948 |
|
|
|a cataloged
|b h
|c 2002/11/25
|d c
|e jgreene
|f 10:44:36 am
|
| 994 |
|
|
|a E0
|b TXA
|
| 999 |
|
|
|a MARS
|
| 999 |
f |
f |
|s f305a79c-256a-3750-9387-692af6a4e0da
|i 80682ebd-5a2f-3422-b133-2ad7a797d522
|t 0
|
| 952 |
f |
f |
|p normal
|a Texas A&M University
|b College Station
|c Sterling C. Evans Library
|d Evans: Curriculum Collection (4th floor)
|t 0
|e NA6310 .M35 1997
|h Library of Congress classification
|i unmediated -- volume
|m A14829544492
|
| 998 |
f |
f |
|a NA6310 .M35 1997
|t 0
|l Evans: Curriculum Collection (4th floor)
|